000 00589nam a2200229 a 4500
001 nice12345678
003 IN_TiNIC
005 20260116014120.0
008 111215s2011 newa grp 000 0 eng
020 _a9788125043058
_c725
082 0 0 _a305.4
_bKAN2
100 _aKannabiran, Vasanth
245 _aGrief to Bury
_b Memories of Love, Work & Loss
260 _aNew Delhi
_bOrient Blackswan
_c2011
300 _a370p
500 _aincludes index and biblioraphy
650 _aFeminism
700 1 _aKannabiran, Vasanth
902 _bSRS
942 _cBK
999 _c13945
_d13945